{"text_format":"3","workbook":"xlsx","n_sheets":3,"sheets":["Table 1","Table 2","Table 3"],"not_rendered":{"images":3},"read":"whole","date_system":"1900"}

{"sheet":"Table 1","index":0,"n_rows":1,"n_cols":3,"rows_kept":1}
["HOSPITAL HONDO VALLE\nALMACEN DE MATERIALES DE LIMPIEZA\nMES DE DICIEMBRE","AŃO 2025","INFORME MENSUAL"]

{"sheet":"Table 2","index":1,"n_rows":27,"n_cols":9,"rows_kept":27}
["BIEN","UNIDAD DE\nM£DIOA","EXISTENCIA\nANșgąş ą","ENTRAOA","EXłöTEfgCłA\nFINAL","TOTAŁ\nCOMSUMO","VALOR\nUNITARIO","VALOR TOTAL\nCONSUMIOO","VALOR TOTAL\nMłSTEfgCłA FINAL"]
["ACE CIELO AZUL","LIBRA",160,30,181,9,{"v":30,"d":"$30.00"},{"v":270,"d":"$ 270.00"},{"v":5430,"d":"$ 5,430.00"}]
["JABON DE FREGAR LIQUIDO","UNIDAD",31,0,26,5,{"v":75,"d":"$75.00"},{"v":75,"d":"$75.00"},{"v":1950,"d":"$ 1,950.00"}]
["BRILLO INOXiDABLE","UNIDAD",77,12,85,4,{"v":12,"d":"$12.00"},{"v":48,"d":"$ 48.00"},{"v":1020,"d":"$ 1,020.00"}]
["BRILLO VERDE","UNIDAD",79,12,87,4,"$1S.00",{"v":60,"d":"$ 60.00"},"S           1,305.00"]
["ESCOBAS","UNIDAD",14,6,17,3,{"v":175,"d":"$175.00"},{"v":525,"d":"$ 525.00"},{"v":2975,"d":"$ 2,975.00"}]
["SUAPE","UNIDAD",15,0,12,3,{"v":175,"d":"$175.00"},{"v":525,"d":"$ 525.00"},"Ș           2,100.00"]
["PAPEL DE BAŃO","UNIOAD",523,0,475,48,"SIS.00","S           720.00","$           7,125.00"]
["PAPEL DE ALUMINIO","UNIDAD",16,0,14,2,{"v":100,"d":"$100.00"},{"v":200,"d":"$ 200.00"},"$           1,400.ŒI"]
["FUNDA AZUL","PAQ1/100",51,0,40,11,{"v":180,"d":"$180.00"},{"v":1980,"d":"$ 1,980.00"},{"v":7200,"d":"$ 7,200.00"}]
["FUNDA NEGRA PRQ","PAQ1/100",5,0,4,1,{"v":50,"d":"$50.00"},{"v":50,"d":"$ 50.00"},"$              2U0.00"]
["FUNDA NEGRA GRANDE","PAQ1/100",20,0,"1O","1O","$i80.o0","$        1,8O0.00","$           1,800.0O"]
["GUANTES DE GOMAS par","UNIDAD",33,0,30,3,{"v":265,"d":"$265.00"},{"v":795,"d":"$ 795.00"},"$           7,9S0.00"]
["JA8ON CANDADO","UNIDAO","IU",0,111,4,{"v":10,"d":"$10.00"},{"v":40,"d":"$ 40.00"},{"v":1110,"d":"$ 1,110.00"}]
["CLORO CLOROX","GALONES",268,15,215,68,{"v":100,"d":"$100.00"},"Ş        6,800.00",{"v":21500,"d":"$ 21,500.00"}]
["MISTOLIN","GALONES",208,15,115,108,{"v":100,"d":"$100.00"},"$     10.800.00",{"v":11500,"d":"$ 11,500.00"}]
["LIMPIA CRISTAL","UNIDAD",14,6,12,2,null,{"v":100,"d":"$100.00"},{"v":1300,"d":"$1,300.00"}]
["ESCOBILLA DE BAÑO","UNIDAD",6,0,6,0,{"v":75,"d":"$75.00"},null,{"v":450,"d":"$450.00"}]
["FUNDA ROJAS","PAQ1/100",60,3,53,10,{"v":410,"d":"$410.00"},{"v":4100,"d":"$ 4,100.00"},"S         21,730.00"]
["ARISOLIN","UNIDAD",16,0,"IS",1,{"v":165,"d":"$165.00"},{"v":165,"d":"$ 165.00"},"$           2,47S.00"]
["BICARBONATO","LIBRA",0,20,20,0,{"v":71,"d":"$71.00"},"Ş",{"v":1420,"d":"$ 1,420.00"}]
["JABON LIQUIDO DE LAVAR","GALONES",28,12,39,1,{"v":324,"d":"$324.00"},"$",{"v":12636,"d":"$ 12,636.00"}]
["AMBIENTADORES","UNIDAD",23,0,22,1,{"v":300,"d":"$300.00"},{"v":300,"d":"$ 300.00"},{"v":6600,"d":"$ 6,600.00"}]
["ZAFACON ROJO","UNIDAD",3,0,3,0,{"v":925,"d":"$925.00"},"$",{"v":2775,"d":"$ 2,775.00"}]
["ZAFACON PEQ","UNIDAD",15,0,15,0,"$17S.00","$",{"v":2625,"d":"$ 2,625.00"}]
["PAPEL DISPENSADOL CIRCULO","UNIDAD",26,0,18,8,{"v":95,"d":"$95.00"},{"v":760,"d":"$ 760.00"},{"v":1710,"d":"$ 1,710.00"}]
["PAPEL DISPENSADOL  REDONDO","UNIDAD",56,0,52,4,{"v":60,"d":"$60.00"},{"v":240,"d":"$ 240.00"},"$           3,120.00"]

{"sheet":"Table 3","index":2,"n_rows":1,"n_cols":1,"rows_kept":1}
["Valor Consumido =   $        30,677.00\nValor Total Exist. Final =   $      131,406.00"]